[Event "32. Copenhagen Open (Politiken Cup)"]
[Site "Elsinore"]
[Date "2010.08.02"]
[Round "4"]
[White "Skovgaard, Tom"]
[Black "Molvig, Henrik"]
[Result "1/2-1/2"]
[WhiteElo "2014"]
[BlackElo "2179"]
[PlyCount "82"]
[EventDate "2010.07.31"]
[EventType "swiss"]
[EventRounds "10"]
[EventCountry "DEN"]
[Source "ChessBase"]
[SourceDate "2010.09.01"]

1. e4 c5 2. Nf3 d6 3. d4 cxd4 4. Nxd4 Nf6 5. Nc3 a6 6. Be2 e5 7. Nb3 Be7 8. O-O
O-O 9. Be3 Be6 10. f3 Nbd7 11. Kh1 Qc7 12. a4 Rac8 13. Qe1 d5 14. exd5 Nxd5 15.
Nxd5 Bxd5 16. Rc1 Nb6 17. Qa5 Nc4 18. Bxc4 Bxc4 19. Qxc7 Rxc7 20. Bb6 Rcc8 21.
Rfd1 Be6 22. Be3 h6 23. Nd2 Rfd8 24. Kg1 f5 25. Kf1 Bf6 26. Ke1 b5 27. axb5
axb5 28. Nf1 Rxd1+ 29. Kxd1 b4 30. Nd2 e4 31. b3 Rd8 32. Ke2 Bd5 33. fxe4 fxe4
34. Nc4 Bxc4+ 35. bxc4 Rc8 36. c5 Bg5 37. Bxg5 hxg5 38. Ke3 Rxc5 39. Kxe4 Kh7
40. g3 b3 41. c3 b2 1/2-1/2

[Event "32. Copenhagen Open (Politiken Cup)"]
[Site "Elsinore"]
[Date "2010.08.02"]
[Round "4"]
[White "Stray, Gunnar"]
[Black "Jorgensen, Michael"]
[Result "0-1"]
[WhiteElo "2055"]
[BlackElo "2230"]
[PlyCount "104"]
[EventDate "2010.07.31"]
[EventType "swiss"]
[EventRounds "10"]
[EventCountry "DEN"]
[Source "ChessBase"]
[SourceDate "2010.09.01"]

1. d4 f5 2. Nc3 d5 3. Bf4 c6 4. e3 Be6 5. Nf3 Nf6 6. Ne5 Nbd7 7. h4 Qb6 8. Rb1
Nxe5 9. Bxe5 Ng4 10. Bf4 Bf7 11. Be2 h5 12. f3 e5 13. Bg5 exd4 14. exd4 Nh6 15.
Qd3 Bd6 16. Kd1 Kd7 17. Na4 Qa5 18. b3 Rae8 19. Bd2 Qc7 20. c4 Kc8 21. Nc3 dxc4
22. bxc4 Bf4 23. Kc2 Bxd2 24. Qxd2 f4 25. Bd3 Re3 26. Rhe1 Rhe8 27. Rxe3 fxe3
28. Qe2 Qd6 29. g4 hxg4 30. fxg4 Qxd4 31. g5 Ng8 32. Rd1 Qxh4 33. Bf5+ Kb8 34.
Qd3 Qf4 35. c5 a6 36. Qd6+ Qxd6 37. cxd6 e2 38. Re1 Rd8 39. d7 Ne7 40. Bg4 Bg6+
41. Kb2 Bf5 42. Bxe2 Rxd7 43. Bc4 Kc7 44. Re2 b5 45. Bf7 Nc8 46. Bh5 Nb6 47.
Be8 Nc4+ 48. Kc1 Rd3 49. Ne4 Rh3 50. Re1 Rh2 51. a4 bxa4 52. Bf7 Ne5 0-1

[Event "32. Copenhagen Open (Politiken Cup)"]
[Site "Elsinore"]
[Date "2010.08.02"]
[Round "4"]
[White "Svane, Rasmus"]
[Black "Kristinsson, Bjarni Jens"]
[Result "1-0"]
[WhiteElo "2216"]
[BlackElo "2044"]
[PlyCount "111"]
[EventDate "2010.07.31"]
[EventType "swiss"]
[EventRounds "10"]
[EventCountry "DEN"]
[Source "ChessBase"]
[SourceDate "2010.09.01"]

1. d4 d5 2. c4 c6 3. Nf3 Nf6 4. Nc3 dxc4 5. a4 Bf5 6. e3 e6 7. Bxc4 Bb4 8. O-O
O-O 9. h3 Qe7 10. Nh4 Nbd7 11. Nxf5 exf5 12. Qc2 Ne4 13. Nxe4 fxe4 14. Bd2 Bxd2
15. Qxd2 Nb6 16. Bb3 Rfd8 17. Qc2 Rac8 18. Rac1 Nd5 19. Qc5 Qxc5 20. Rxc5 b6
21. Rc4 a5 22. Rfc1 Nb4 23. d5 Nd3 24. R1c3 Nc5 25. dxc6 Kf8 26. Rxc5 bxc5 27.
Rxc5 Rd2 28. Bc2 Ke7 29. Bxe4 Rxb2 30. Rxa5 Rb4 31. Bf3 Rc7 32. Ra8 f6 33. Kh2
h6 34. g4 Rb2 35. Kg3 Ra2 36. Bd5 Ra3 37. h4 Kd6 38. Rd8+ Ke7 39. Ra8 Kd6 40.
Be4 Ke5 41. Kf3 Ke6 42. Bf5+ Kd6 43. Bd7 Ke7 44. h5 Kf7 45. Kf4 Rc3 46. e4 Rc2
47. f3 Rc3 48. Rb8 Ke7 49. Rb7 Kd6 50. Rxc7 Kxc7 51. Kf5 Rxf3+ 52. Kg6 f5 53.
Bxf5 Kxc6 54. Kxg7 Kd6 55. Kxh6 Ke7 56. Kg7 1-0

[Event "32. Copenhagen Open (Politiken Cup)"]
[Site "Elsinore"]
[Date "2010.08.02"]
[Round "4"]
[White "Taksrud, Vidar"]
[Black "Skovgaard, Peter Nicolai"]
[Result "0-1"]
[WhiteElo "2097"]
[BlackElo "2299"]
[PlyCount "120"]
[EventDate "2010.07.31"]
[EventType "swiss"]
[EventRounds "10"]
[EventCountry "DEN"]
[Source "ChessBase"]
[SourceDate "2010.09.01"]

1. Nc3 c5 2. Nf3 Nc6 3. d4 cxd4 4. Nxd4 g6 5. g3 Bg7 6. Nb3 Nf6 7. Bg2 O-O 8.
O-O d6 9. h3 Be6 10. Be3 Qd7 11. Kh2 Ne5 12. Nd4 Nc4 13. Bc1 Rac8 14. b3 Nb6
15. Bb2 Rc5 16. e4 Rh5 17. Nxe6 Qxe6 18. Ne2 Ng4+ 19. Kg1 Bxb2 20. Nf4 Nxf2 21.
Rxf2 Qe5 22. Nd3 Qg7 23. Nxb2 Qxb2 24. c4 Qg7 25. Rc1 Nd7 26. b4 a5 27. c5 axb4
28. cxd6 exd6 29. Qxd6 Ne5 30. Rc7 b5 31. Bf1 Nc4 32. Qe7 Qd4 33. Rd7 Qe3 34.
Rd8 Qh6 35. Bxc4 bxc4 36. Re8 Qg7 37. e5 Rxe8 38. Qxe8+ Qf8 39. Qb5 Qe7 40. Re2
Rxh3 41. Qxc4 Rxg3+ 42. Kh2 Rc3 43. Qg4 h5 44. Qf4 Qe6 45. Qh4 Kh7 46. Kg2 Qd5+
47. Kh2 Rc1 48. Qe4 Qxe4 49. Rxe4 Rc2+ 50. Kg3 Rxa2 51. Rxb4 g5 52. Rb6 Re2 53.
Rb5 Kg6 54. Kf3 Re1 55. Kf2 Ra1 56. Ke3 Ra4 57. Kf3 h4 58. Ke3 Rf4 59. Ra5 h3
60. Ra2 Kf5 0-1

[Event "32. Copenhagen Open (Politiken Cup)"]
[Site "Elsinore"]
[Date "2010.08.02"]
[Round "4"]
[White "Tallaksen, Levi Andre"]
[Black "Larsen, Tor Ketil"]
[Result "1-0"]
[WhiteElo "2177"]
[BlackElo "2022"]
[PlyCount "79"]
[EventDate "2010.07.31"]
[EventType "swiss"]
[EventRounds "10"]
[EventCountry "DEN"]
[Source "ChessBase"]
[SourceDate "2010.09.01"]

1. d4 Nf6 2. Nf3 c5 3. e3 g6 4. Bd3 Bg7 5. Nbd2 b6 6. Qe2 Bb7 7. O-O O-O 8. c3
d6 9. e4 cxd4 10. cxd4 e6 11. e5 Nd5 12. Nc4 dxe5 13. dxe5 Nb4 14. Be4 Bxe4 15.
Qxe4 Qd5 16. Qh4 Qd8 17. Bg5 f6 18. exf6 Bxf6 19. Nxb6 axb6 20. Bxf6 Rxf6 21.
Qxb4 Na6 22. Qc3 Rc8 23. Rad1 Qf8 24. Qe3 Rc5 25. Ne5 Nb8 26. b4 Rd5 27. Ng4
Rxd1 28. Nxf6+ Qxf6 29. Rxd1 Nd7 30. Qd4 Ne5 31. f4 Ng4 32. Qxf6 Nxf6 33. Rd6
Nd5 34. Rxd5 exd5 35. a4 Kf7 36. a5 bxa5 37. bxa5 d4 38. a6 d3 39. Kf2 Ke6 40.
a7 1-0

[Event "32. Copenhagen Open (Politiken Cup)"]
[Site "Elsinore"]
[Date "2010.08.02"]
[Round "4"]
[White "Tandrup, Michael"]
[Black "Heggum, Tore"]
[Result "1/2-1/2"]
[WhiteElo "1968"]
[BlackElo "1689"]
[PlyCount "68"]
[EventDate "2010.07.31"]
[EventType "swiss"]
[EventRounds "10"]
[EventCountry "DEN"]
[Source "ChessBase"]
[SourceDate "2010.09.01"]

1. d4 d5 2. Nf3 Nf6 3. Bf4 Bf5 4. e3 e6 5. c4 Bxb1 6. Rxb1 Bb4+ 7. Ke2 Bd6 8.
Ne5 dxc4 9. Qa4+ Nbd7 10. Qxc4 O-O 11. h3 Qe7 12. g4 Nb6 13. Qd3 Nfd5 14. Bh2
c5 15. Bg2 Rac8 16. a3 cxd4 17. exd4 f6 18. f4 fxe5 19. fxe5 Bb8 20. Be4 g6 21.
Rbf1 Qg5 22. h4 Qe7 23. g5 Rxf1 24. Rxf1 Rf8 25. Rxf8+ Qxf8 26. Bxg6 hxg6 27.
Qxg6+ Kh8 28. Qxe6 Nc7 29. Qg6 Ncd5 30. Qh5+ Kg8 31. Qg6+ Kh8 32. Qh5+ Kg7 33.
Qh6+ Kg8 34. Qg6+ Kh8 1/2-1/2

[Event "32. Copenhagen Open (Politiken Cup)"]
[Site "Elsinore"]
[Date "2010.08.02"]
[Round "4"]
[White "Thomsen, Peter"]
[Black "Christensen, Esben"]
[Result "0-1"]
[WhiteElo "1871"]
[BlackElo "2098"]
[PlyCount "44"]
[EventDate "2010.07.31"]
[EventType "swiss"]
[EventRounds "10"]
[EventCountry "DEN"]
[Source "ChessBase"]
[SourceDate "2010.09.01"]

1. d4 Nf6 2. Nf3 g6 3. Bg5 Bg7 4. Nbd2 O-O 5. e3 d6 6. Bd3 Nbd7 7. c3 a6 8. Qc2
b5 9. a4 Rb8 10. axb5 axb5 11. b4 c5 12. bxc5 dxc5 13. O-O b4 14. Bf4 Rb6 15.
h3 Nd5 16. Nc4 Ra6 17. Nce5 Rxa1 18. Rxa1 Nxf4 19. Nc6 Nxh3+ 20. gxh3 Qe8 21.
Ra8 Nb6 22. Rb8 Qxc6 0-1

[Event "32. Copenhagen Open (Politiken Cup)"]
[Site "Elsinore"]
[Date "2010.08.02"]
[Round "4"]
[White "Torner Planell, Jordi"]
[Black "Brondt, Nicolai Kvist"]
[Result "0-1"]
[WhiteElo "1978"]
[BlackElo "2152"]
[PlyCount "108"]
[EventDate "2010.07.31"]
[EventType "swiss"]
[EventRounds "10"]
[EventCountry "DEN"]
[Source "ChessBase"]
[SourceDate "2010.09.01"]

1. d4 c6 2. c4 d5 3. cxd5 cxd5 4. Nc3 Nf6 5. Bf4 Nc6 6. Nf3 Bf5 7. e3 Qb6 8.
Bb5 e6 9. O-O Be7 10. Nh4 Bg4 11. f3 Bh5 12. g4 Bg6 13. Qa4 O-O 14. Nxg6 hxg6
15. Kg2 a6 16. Bxc6 bxc6 17. Qc2 Nd7 18. Na4 Qb5 19. Rfc1 Rfc8 20. Nc3 Qb7 21.
Qf2 c5 22. h4 cxd4 23. exd4 Rc4 24. b3 Rc6 25. Ne2 Rxc1 26. Rxc1 Rc8 27. Kg3
Rxc1 28. Nxc1 Qc6 29. Qd2 Bf6 30. Bg5 Qc7+ 31. Bf4 Qb6 32. Ne2 Qc6 33. Qd3 Be7
34. Qd2 Nb6 35. Qd3 Nc8 36. a4 Nd6 37. Bd2 Nb7 38. Bf4 Na5 39. Nc1 Ba3 40. Na2
Be7 41. Bd2 Qb6 42. Nc1 Ba3 43. Qc3 Bxc1 44. Qxa5 Qb8+ 45. Kg2 Bxd2 46. Qxd2
Qxb3 47. a5 Qc4 48. Qb2 Kh7 49. Kf2 Qd3 50. Qb6 e5 51. Qc5 exd4 52. Qxd5 Qe3+
53. Kf1 d3 54. Qa2 d2 0-1

[Event "32. Copenhagen Open (Politiken Cup)"]
[Site "Elsinore"]
[Date "2010.08.02"]
[Round "4"]
[White "Torner Planell, Josep Ramon"]
[Black "Laursen, Niels Norskov"]
[Result "0-1"]
[WhiteElo "2034"]
[BlackElo "2215"]
[PlyCount "106"]
[EventDate "2010.07.31"]
[EventType "swiss"]
[EventRounds "10"]
[EventCountry "DEN"]
[Source "ChessBase"]
[SourceDate "2010.09.01"]

1. e4 c5 2. Nf3 e6 3. d4 cxd4 4. Nxd4 a6 5. c4 Nf6 6. Nc3 Qc7 7. a3 d6 8. Be3
b6 9. Be2 Bb7 10. f3 Be7 11. O-O O-O 12. Qd2 Re8 13. Rac1 Bf8 14. b4 Nbd7 15.
Rc2 Rac8 16. Rfc1 Qb8 17. Na4 Ba8 18. Bf1 Be7 19. Kh1 Bd8 20. Bg1 Be7 21. Qf2
Qb7 22. Nb3 Rb8 23. Qd2 h5 24. Rb2 Rec8 25. Bf2 Qc6 26. Nc3 Ne5 27. Nd4 Qd7 28.
Nd1 h4 29. Rbc2 Qb7 30. Ne3 h3 31. gxh3 Ng6 32. Ng2 Rd8 33. Kg1 Rbc8 34. Qe3
Re8 35. Ne2 Rb8 36. Bg3 Rbc8 37. Nef4 Ne5 38. Nd3 Ned7 39. Ngf4 Rcd8 40. Bg2
Rc8 41. Bf2 Red8 42. Ne2 e5 43. Ng3 g6 44. f4 Nh7 45. Rf1 b5 46. c5 dxc5 47.
Nxc5 exf4 48. Qxf4 Bg5 49. Qg4 Qc6 50. Nf5 gxf5 51. Qg3 f4 52. Qg4 Ne5 53. Qf5
Qf6 0-1

[Event "32. Copenhagen Open (Politiken Cup)"]
[Site "Elsinore"]
[Date "2010.08.02"]
[Round "4"]
[White "Traerup, Jorgen"]
[Black "Justinussen, Sigurd B"]
[Result "0-1"]
[WhiteElo "1742"]
[BlackElo "1941"]
[PlyCount "114"]
[EventDate "2010.07.31"]
[EventType "swiss"]
[EventRounds "10"]
[EventCountry "DEN"]
[Source "ChessBase"]
[SourceDate "2010.09.01"]

1. d4 d5 2. Nf3 Nf6 3. e3 Bg4 4. Be2 e6 5. a3 Bd6 6. h3 Bh5 7. Bd2 Nbd7 8. Bb4
Qe7 9. Ne5 Bxb4+ 10. Nc3 Bxc3+ 11. bxc3 Bxe2 12. Qxe2 Nxe5 13. dxe5 Ne4 14.
Qb5+ c6 15. Qd3 Qg5 16. O-O-O Qxe5 17. Rhf1 Qxc3 18. Qxc3 Nxc3 19. Rd3 Ne4 20.
f3 Nf6 21. Rb3 Rb8 22. Kd2 Kd7 23. Kd3 c5 24. Rb5 Rhc8 25. e4 a6 26. Rb2 b5 27.
e5 Nh5 28. Ke3 d4+ 29. Kf2 Nf4 30. Rd1 Ke7 31. Kg3 Nd5 32. f4 b4 33. Rd3 bxa3
34. Rxb8 Rxb8 35. Rxa3 Rb6 36. h4 Ne3 37. Ra2 h5 38. Kf3 f6 39. g3 fxe5 40.
fxe5 Kf7 41. Kf4 Kg6 42. Ke4 Nd5 43. Ra5 Rc6 44. Kd3 Kf5 45. Kc4 Kxe5 46. Ra1
Ne3+ 47. Kd3 c4+ 48. Kd2 Ke4 49. Re1 Rb6 50. Kc1 c3 51. g4 hxg4 52. h5 Rb2 53.
h6 Rxc2+ 54. Kb1 gxh6 55. Rh1 Rb2+ 56. Kc1 d3 57. Re1 d2# 0-1

[Event "32. Copenhagen Open (Politiken Cup)"]
[Site "Elsinore"]
[Date "2010.08.02"]
[Round "4"]
[White "Unzicker, Ferdinand"]
[Black "Andersen, Morten"]
[Result "1-0"]
[WhiteElo "2324"]
[BlackElo "2179"]
[PlyCount "165"]
[EventDate "2010.07.31"]
[EventType "swiss"]
[EventRounds "10"]
[EventCountry "DEN"]
[Source "ChessBase"]
[SourceDate "2010.09.01"]

1. c4 e5 2. g3 Nf6 3. Bg2 Nc6 4. Nc3 Bb4 5. Nd5 Bc5 6. Nf3 O-O 7. O-O Re8 8. d3
h6 9. b3 Nd4 10. Bb2 c6 11. Nxf6+ Qxf6 12. e3 Nxf3+ 13. Bxf3 d6 14. Bg2 Bb6 15.
Qd2 Qg6 16. Rae1 Bf5 17. e4 Bg4 18. d4 exd4 19. Bxd4 Qh5 20. f3 Bh3 21. Rf2
Bxg2 22. Kxg2 Rad8 23. Rfe2 Bxd4 24. Qxd4 Qa5 25. Qd2 Qc5 26. Re3 a5 27. Rd3 a4
28. Rd1 axb3 29. axb3 Re6 30. Qf2 Qb4 31. Qd2 Qc5 32. Ra1 Re5 33. Rd4 Re6 34.
b4 Qe5 35. Ra7 Re7 36. Ra3 Red7 37. Ra5 Qe6 38. Ra1 f5 39. Re1 fxe4 40. Rexe4
Qf5 41. g4 Qg6 42. Qe2 Ra8 43. h4 Qf7 44. h5 d5 45. cxd5 Rxd5 46. Rxd5 Qxd5 47.
Re8+ Rxe8 48. Qxe8+ Kh7 49. Qg6+ Kg8 50. Qe8+ Kh7 51. Qe7 b6 52. Kg3 Qd2 53.
Qe4+ Kg8 54. f4 c5 55. bxc5 bxc5 56. Qc4+ Kh8 57. Qxc5 Qd3+ 58. Kh4 Qd2 59. Kg3
Qd3+ 60. Kf2 Qd2+ 61. Kf3 Qd3+ 62. Qe3 Qd5+ 63. Kg3 Kh7 64. Kf2 Qd1 65. Qe2 Qh1
66. Ke3 Qc1+ 67. Ke4 Qc6+ 68. Ke3 Qc5+ 69. Kf3 Qc1 70. Qe4+ Kh8 71. Qe8+ Kh7
72. Qe4+ Kh8 73. f5 Qf1+ 74. Ke3 Qe1+ 75. Kf4 Qf2+ 76. Ke5 Qc5+ 77. Ke6 Qf8 78.
Qc6 Qf6+ 79. Kd7 Qd4+ 80. Ke7 Qxg4 81. Qd5 Qb4+ 82. Kf7 Qb6 83. Qa8+ 1-0

[Event "32. Copenhagen Open (Politiken Cup)"]
[Site "Elsinore"]
[Date "2010.08.02"]
[Round "4"]
[White "Willumsen, Henrik"]
[Black "Skjoldager, Flemming"]
[Result "1/2-1/2"]
[WhiteElo "2165"]
[BlackElo "2006"]
[PlyCount "86"]
[EventDate "2010.07.31"]
[EventType "swiss"]
[EventRounds "10"]
[EventCountry "DEN"]
[Source "ChessBase"]
[SourceDate "2010.09.01"]

1. e4 c5 2. Nf3 d6 3. d4 cxd4 4. Nxd4 Nf6 5. Nc3 g6 6. Be3 Bg7 7. f3 O-O 8. Qd2
Nc6 9. O-O-O Nxd4 10. Bxd4 Be6 11. Kb1 Qc7 12. h4 Rfc8 13. h5 Qa5 14. a3 Rab8
15. hxg6 hxg6 16. Bd3 b5 17. Qg5 Rxc3 18. Bxc3 Qa4 19. e5 Nd5 20. Bd2 b4 21.
Rh4 Qa5 22. Bxb4 Nxb4 23. Rxb4 Rxb4 24. axb4 Qa2+ 25. Kc1 Qa1+ 26. Kd2 Qxb2 27.
Qxe7 Bh6+ 28. Ke2 Qxe5+ 29. Kf1 Qd4 30. b5 Be3 31. Be2 Bd2 32. Qc7 Qf4 33. Qxa7
Be3 34. Qa8+ Kg7 35. Qe4 Qh6 36. Ke1 Qh1+ 37. Bf1 Qg1 38. Qh4 Bc4 39. Rd3 Bxb5
40. Ke2 Bxd3+ 41. cxd3 Bc5 42. Qe1 Qe3+ 43. Kd1 Qxe1+ 1/2-1/2

[Event "32. Copenhagen Open (Politiken Cup)"]
[Site "Elsinore"]
[Date "2010.08.03"]
[Round "5"]
[White "Aabling Thomsen, Jakob"]
[Black "Ostergaard, Rasmus"]
[Result "1/2-1/2"]
[WhiteElo "2314"]
[BlackElo "2145"]
[PlyCount "53"]
[EventDate "2010.07.31"]
[EventType "swiss"]
[EventRounds "10"]
[EventCountry "DEN"]
[Source "ChessBase"]
[SourceDate "2010.09.01"]

1. e4 e5 2. Nf3 Nc6 3. d4 exd4 4. Nxd4 Nf6 5. Nxc6 bxc6 6. Bd3 d5 7. e5 Ng4 8.
O-O Bc5 9. Qe2 Qe7 10. Bf4 Bd4 11. Nc3 Nxe5 12. Rae1 f6 13. Qh5+ Qf7 14. Qh4
Be6 15. Bg3 Nxd3 16. cxd3 Bxc3 17. bxc3 O-O 18. Qf4 Rfe8 19. Re3 c5 20. Rfe1 d4
21. cxd4 cxd4 22. Qxd4 Bxa2 23. Qxa7 Rxa7 24. Rxe8+ Qxe8 25. Rxe8+ Kf7 26. Rc8
Bc4 27. Rxc7+ 1/2-1/2

[Event "32. Copenhagen Open (Politiken Cup)"]
[Site "Elsinore"]
[Date "2010.08.03"]
[Round "5"]
[White "Akdag, Dara Sevkan"]
[Black "Jepson, Christian"]
[Result "0-1"]
[WhiteElo "2164"]
[BlackElo "2394"]
[PlyCount "48"]
[EventDate "2010.07.31"]
[EventType "swiss"]
[EventRounds "10"]
[EventCountry "DEN"]
[Source "ChessBase"]
[SourceDate "2010.09.01"]

1. d4 Nf6 2. c4 c5 3. d5 b5 4. cxb5 a6 5. b6 Qxb6 6. Nc3 g6 7. Nf3 d6 8. e4 Bg7
9. Be2 O-O 10. O-O Nbd7 11. a4 Rb8 12. a5 Qa7 13. Qc2 h6 14. Ra4 Ne8 15. Be3
Qb7 16. Rb1 Qb3 17. Qc1 Bxc3 18. Ra3 Qxb2 19. Rxb2 Bxb2 20. Qd2 Bxa3 21. h4 h5
22. Bh6 Bb2 23. e5 Nxe5 24. Ng5 Nf6 0-1

[Event "32. Copenhagen Open (Politiken Cup)"]
[Site "Elsinore"]
[Date "2010.08.03"]
[Round "5"]
[White "Andersen, Claus"]
[Black "Mortensen, Henrik"]
[Result "0-1"]
[WhiteElo "1839"]
[BlackElo "2003"]
[PlyCount "142"]
[EventDate "2010.07.31"]
[EventType "swiss"]
[EventRounds "10"]
[EventCountry "DEN"]
[Source "ChessBase"]
[SourceDate "2010.09.01"]

1. e4 c5 2. Nf3 e6 3. g3 d5 4. exd5 exd5 5. d4 Nf6 6. Bg2 Be7 7. O-O O-O 8. Re1
h6 9. Be3 cxd4 10. Nxd4 Bg4 11. Qc1 Nc6 12. Nd2 Rc8 13. c3 Qd7 14. Nxc6 bxc6
15. Nf3 Bf5 16. Qd1 Bd6 17. Qa4 Rb8 18. Re2 Bd3 19. Rd2 Bb5 20. Qc2 Ne4 21.
Rdd1 Rfe8 22. Nd4 Bc4 23. b3 Ba6 24. c4 c5 25. Ne2 d4 26. Bxd4 cxd4 27. Bxe4
Qg4 28. Rxd4 Qe6 29. Nf4 Bxf4 30. Bd5 Qf6 31. Bxf7+ Qxf7 32. Rxf4 Qe6 33. Qf5
Rbd8 34. Qxe6+ Rxe6 35. h4 Rd2 36. Kf1 Bb7 37. a4 Rb2 38. Rd1 Rxb3 39. Rd8+ Kh7
40. Rd1 Rc3 41. Rf7 Ba6 42. Rdd7 Bxc4+ 43. Kg2 Rg6 44. Rf8 a6 45. Re8 Rd3 46.
Rc7 Bb3 47. Rcc8 Re6 48. Rf8 Kg6 49. Rc7 Rf6 50. Re8 Rd2 51. Ree7 Rdxf2+ 52.
Kg1 Rf1+ 53. Kh2 R1f2+ 54. Kg1 Rf7 55. Rc6+ R2f6 56. Rxf6+ Rxf6 57. Re4 Rc6 58.
Rb4 Bc4 59. a5 Bb5 60. Rg4+ Kf6 61. Rf4+ Ke5 62. Rg4 g6 63. Rf4 Rf6 64. Rb4 Kd5
65. g4 g5 66. hxg5 hxg5 67. Kg2 Rf4 68. Rxf4 gxf4 69. g5 Bd3 70. Kf3 Ke5 71.
Kg4 Bg6 0-1

[Event "32. Copenhagen Open (Politiken Cup)"]
[Site "Elsinore"]
[Date "2010.08.03"]
[Round "5"]
[White "Andersen, Jackie"]
[Black "Danielsen, Henrik"]
[Result "1/2-1/2"]
[WhiteElo "2276"]
[BlackElo "2512"]
[PlyCount "42"]
[EventDate "2010.07.31"]
[EventType "swiss"]
[EventRounds "10"]
[EventCountry "DEN"]
[Source "ChessBase"]
[SourceDate "2010.09.01"]

1. d4 d6 2. e4 g6 3. c3 Nf6 4. Bd3 e5 5. Nf3 Nbd7 6. O-O Bg7 7. a4 a5 8. Na3
O-O 9. Re1 b6 10. Bg5 h6 11. Bd2 Nh5 12. Nc4 Bb7 13. dxe5 Nxe5 14. Be2 Nf6 15.
Nfxe5 dxe5 16. f3 Qe7 17. b4 Rfd8 18. Qc2 Bf8 19. Reb1 Bc6 20. Be3 Nd7 21. Nd2
Qf6 1/2-1/2

[Event "32. Copenhagen Open (Politiken Cup)"]
[Site "Elsinore"]
[Date "2010.08.03"]
[Round "5"]
[White "Andersen, Morten"]
[Black "Haubro, Martin"]
[Result "1/2-1/2"]
[WhiteElo "2179"]
[BlackElo "1991"]
[PlyCount "93"]
[EventDate "2010.07.31"]
[EventType "swiss"]
[EventRounds "10"]
[EventCountry "DEN"]
[Source "ChessBase"]
[SourceDate "2010.09.01"]

1. d4 f5 2. Nf3 Nf6 3. c4 g6 4. Nc3 Bg7 5. Qc2 d6 6. b3 Nc6 7. Bb2 e5 8. dxe5
dxe5 9. Rd1 Bd7 10. Nd5 Nh5 11. g3 O-O 12. Bg2 f4 13. g4 Bxg4 14. Nb6 Qe7 15.
Nxa8 Rxa8 16. Nd2 Nb4 17. Qb1 f3 18. Bxf3 Bxf3 19. exf3 Nf4 20. Ne4 Rd8 21.
Rxd8+ Qxd8 22. Bc3 Nbd3+ 23. Kf1 Qd7 24. h4 b5 25. Bd2 Qc6 26. Bxf4 Nxf4 27.
Qd1 bxc4 28. Qc2 Kh8 29. Qxc4 Qd7 30. Qc2 Bf8 31. Qd2 Qb5+ 32. Kg1 Kg7 33. Kh2
Bb4 34. Qd8 Qe2 35. Qf6+ Kg8 36. Qd8+ Kg7 37. Rd1 Bd6 38. Qf6+ Kg8 39. Qd8+ Kg7
40. Qd7+ Kh6 41. Qf7 a5 42. Rxd6 Qxf3 43. Qf8+ Kh5 44. Ng3+ Kg4 45. Qc8+ Kxh4
46. Qd8+ Kg4 47. Qc8+ 1/2-1/2

[Event "32. Copenhagen Open (Politiken Cup)"]
[Site "Elsinore"]
[Date "2010.08.03"]
[Round "5"]
[White "Astrom, Lars"]
[Black "Hvenekilde, Jorgen"]
[Result "0-1"]
[WhiteElo "1795"]
[BlackElo "2111"]
[PlyCount "52"]
[EventDate "2010.07.31"]
[EventType "swiss"]
[EventRounds "10"]
[EventCountry "DEN"]
[Source "ChessBase"]
[SourceDate "2010.09.01"]

1. e4 e6 2. d4 d5 3. Nd2 Nf6 4. e5 Nfd7 5. Bd3 c5 6. c3 Nc6 7. Ne2 cxd4 8. cxd4
Nb4 9. Bb1 a5 10. O-O Nb6 11. f4 g6 12. Nf3 Bd7 13. a3 Nc6 14. b3 a4 15. b4 Na7
16. Nc3 Bb5 17. Rf2 Qd7 18. g4 Rc8 19. Nxb5 Nxb5 20. f5 gxf5 21. gxf5 Rg8+ 22.
Kh1 Nc3 23. fxe6 Nxd1 24. exd7+ Nxd7 25. Rf1 Rxc1 26. Bxh7 Nf2# 0-1

[Event "32. Copenhagen Open (Politiken Cup)"]
[Site "Elsinore"]
[Date "2010.08.03"]
[Round "5"]
[White "Baklan, Vladimir"]
[Black "Unzicker, Ferdinand"]
[Result "1-0"]
[WhiteElo "2638"]
[BlackElo "2324"]
[PlyCount "71"]
[EventDate "2010.07.31"]
[EventType "swiss"]
[EventRounds "10"]
[EventCountry "DEN"]
[Source "ChessBase"]
[SourceDate "2010.09.01"]

1. e4 c5 2. Nf3 Nc6 3. d4 cxd4 4. Nxd4 Nf6 5. Nc3 d6 6. Bg5 Bd7 7. Qd2 h6 8.
Bxf6 gxf6 9. O-O-O Nxd4 10. Qxd4 Qa5 11. f4 Rc8 12. f5 Qc5 13. Qd3 e6 14. Be2
h5 15. Kb1 a6 16. Bf3 Qe5 17. h3 b5 18. Rhe1 Be7 19. Qd2 h4 20. Ne2 Bf8 21. Bg4
Qc5 22. fxe6 fxe6 23. Nd4 Bh6 24. Qd3 Ke7 25. Rf1 Bg5 26. e5 dxe5 27. Nf5+ exf5
28. Qxd7+ Kf8 29. Qxf5 Kg7 30. Rd7+ Kh6 31. Rf7 Rcf8 32. Bh5 Rfg8 33. Be2 Qb6
34. Bd3 Rg7 35. Rxg7 Kxg7 36. Qg6+ 1-0

[Event "32. Copenhagen Open (Politiken Cup)"]
[Site "Elsinore"]
[Date "2010.08.03"]
[Round "5"]
[White "Bejtovic, Jasmin"]
[Black "Aagaard, Jacob"]
[Result "1/2-1/2"]
[WhiteElo "2382"]
[BlackElo "2542"]
[PlyCount "77"]
[EventDate "2010.07.31"]
[EventType "swiss"]
[EventRounds "10"]
[EventCountry "DEN"]
[Source "ChessBase"]
[SourceDate "2010.09.01"]

1. e4 d6 2. f4 e5 3. Nf3 exf4 4. Bc4 h6 5. d4 g5 6. O-O Bg7 7. g3 Nc6 8. c3 Nf6
9. gxf4 Nxe4 10. fxg5 d5 11. Bd3 Be6 12. Nbd2 Nxg5 13. Nb3 b6 14. Bb5 Qd6 15.
Ne5 Bd7 16. Nxd7 Qxd7 17. Bxg5 hxg5 18. Qe2+ Kf8 19. Rf2 Kg8 20. Raf1 Rf8 21.
Rf5 Qe7 22. Qg2 Qe3+ 23. Kh1 Ne7 24. Rxg5 Rh7 25. Rg1 Ng6 26. Qxd5 Nf4 27. Qf5
Qf3+ 28. R5g2 Rh4 29. Be2 Qa8 30. Qg5 Nxg2 31. Rxg2 Rh7 32. Bd3 f5 33. Bxf5 Kh8
34. h3 Qf3 35. Bxh7 Qxh3+ 36. Kg1 Bh6 37. Qe5+ Kxh7 38. Qe7+ Kh8 39. Qe5+
1/2-1/2

[Event "32. Copenhagen Open (Politiken Cup)"]
[Site "Elsinore"]
[Date "2010.08.03"]
[Round "5"]
[White "Brondum, Eric"]
[Black "Helin, Mikael"]
[Result "1/2-1/2"]
[WhiteElo "2145"]
[BlackElo "1930"]
[PlyCount "62"]
[EventDate "2010.07.31"]
[EventType "swiss"]
[EventRounds "10"]
[EventCountry "DEN"]
[Source "ChessBase"]
[SourceDate "2010.09.01"]

1. d4 d5 2. Nf3 Nc6 3. Bf4 Bg4 4. e3 e6 5. h3 Bh5 6. Nbd2 Bd6 7. Bxd6 cxd6 8.
c3 Nge7 9. g4 Bg6 10. Nh4 O-O 11. Nxg6 Nxg6 12. Bd3 Nh4 13. Nf3 Ng2+ 14. Kd2
Nh4 15. Nxh4 Qxh4 16. Qe1 e5 17. f4 Qd8 18. g5 f5 19. Qd1 a6 20. Qb3 Ne7 21.
Rac1 b5 22. Kc2 Kh8 23. Kb1 Ng6 24. h4 e4 25. Be2 Ne7 26. Ka1 Qd7 27. h5 Rfb8
28. a3 Rb7 29. Bd1 Rab8 30. Rh2 Rb6 31. Qa2 Qc6 1/2-1/2

[Event "32. Copenhagen Open (Politiken Cup)"]
[Site "Elsinore"]
[Date "2010.08.03"]
[Round "5"]
[White "Carstensen, Jacob"]
[Black "Nielsen, John Bauneborg"]
[Result "1-0"]
[WhiteElo "2295"]
[BlackElo "2139"]
[PlyCount "95"]
[EventDate "2010.07.31"]
[EventType "swiss"]
[EventRounds "10"]
[EventCountry "DEN"]
[Source "ChessBase"]
[SourceDate "2010.09.01"]

1. d4 d6 2. e4 g6 3. c4 Bg7 4. Nc3 Nc6 5. d5 Nd4 6. Nge2 c5 7. dxc6 Nxc6 8. Be3
Nf6 9. f3 Qa5 10. Nd4 Nxd4 11. Bxd4 Be6 12. Qd2 O-O 13. Rd1 Nd7 14. Bxg7 Kxg7
15. Be2 Qc5 16. b3 f5 17. exf5 Bxf5 18. Nd5 Rf7 19. b4 Qc6 20. O-O Nb6 21. Ne3
Be6 22. Rc1 Nd7 23. Nc2 Nf6 24. Nd4 Qd7 25. Qe3 Bf5 26. Rfd1 Qa4 27. a3 Bd7 28.
Rd2 Rc8 29. Bd1 Qa6 30. c5 dxc5 31. bxc5 e5 32. Ne2 Ba4 33. Rd6 Rc6 34. Qxe5
Bxd1 35. Rcxd1 Qxa3 36. Rxc6 bxc6 37. Nf4 h6 38. Ne6+ Kh7 39. Nd8 Nd7 40. Qd4
Rg7 41. Ne6 Rf7 42. Ra1 Qb3 43. Nd8 Rg7 44. h4 Qd5 45. Qxd5 cxd5 46. Ne6 Re7
47. Rxa7 Kg8 48. c6 1-0